Statistics for Destinations from Perth Airport (PER)

Click here to take the quiz!

General Stats

  • This quiz has been taken 269 times
  • The average score is 26 of 79

Answer Stats

Carrier(s)City% Correct
Jetstar Airways, Qantas, Tigerair Australia, Virgin AustraliaSydney
98%
Jetstar Airways, Qantas, Tigerair Australia, Virgin AustraliaMelbourne
94%
Air New ZealandAuckland
93%
Qantas, Tigerair Australia, Virgin AustraliaBrisbane
91%
Qantas, Scoot, Singapore AirlinesSingapore
91%
Jetstar Airways, Qantas, QantasLink, Virgin Australia, Virgin Australia Regional AirlinesAdelaide
89%
Garuda IndonesiaJakarta
88%
Thai AirwaysBangkok–Suvarnabhumi
86%
Airnorth, Qantas, QantasLink, Virgin Australia, Virgin Australia Regional AirlinesDarwin
84%
EmiratesDubai
83%
All Nippon AirwaysTokyo–Narita
83%
AirAsia X, Malaysia Airlines, Malindo AirKuala Lumpur
82%
Batik Air, Garuda Indonesia, Indonesia AirAsia, Jetstar AirwaysDenpasar
81%
Cathay PacificHong Kong
78%
Qatar AirwaysDoha
74%
QantasLondon–Heathrow
71%
Air New ZealandChristchurch
70%
Jetstar Airways, Virgin AustraliaGold Coast
68%
Virgin AustraliaHobart
68%
Qantas, Virgin AustraliaCanberra
67%
Jetstar AirwaysCairns
65%
South African AirwaysJohannesburg—O.R. Tambo
65%
QantasLink, Virgin Australia Regional AirlinesAlice Springs
64%
China Southern AirlinesGuangzhou
58%
QantasLink, Virgin Australia Regional AirlinesBroome
57%
Air MauritiusMauritius
53%
Regional Express Airlines, Virgin Australia Regional AirlinesAlbany
44%
Alliance Airlines, QantasLink, Virgin Australia, Virgin Australia Regional AirlinesKalgoorlie
44%
Alliance Airlines, QantasLink, Virgin Australia, Virgin Australia Regional AirlinesPort Hedland
38%
QantasLink, Virgin Australia Regional AirlinesGeraldton
35%
Alliance Airlines, QantasLink, Virgin Australia, Virgin Australia Regional AirlinesKarratha
35%
Regional Express AirlinesEsperance
32%
Alliance Airlines, QantasLinkChristmas Creek
28%
Alliance Airlines, Virgin Australia Regional AirlinesChristmas Island
28%
QantasLinkExmouth
26%
Malaysia AirlinesKota Kinabalu
26%
Alliance Airlines, QantasLink, Virgin Australia, Virgin Australia Regional AirlinesNewman
26%
Virgin Australia Regional AirlinesBusselton
25%
Virgin Australia Regional AirlinesCocos (Keeling) Islands
18%
Airnorth, Virgin Australia Regional AirlinesKununurra
17%
Indonesia AirAsiaMataram
16%
Skippers AviationMeekatharra
14%
Regional Express AirlinesCarnarvon
12%
Regional Express AirlinesMonkey Mia
11%
Maroomba AirlinesMount Magnet
11%
Alliance Airlines, QantasLink, Virgin Australia Regional AirlinesParaburdoo
10%
Alliance Airlines, QantasLinkLeinster
8%
Virgin Australia Regional AirlinesBoolgeeda
7%
Skippers AviationKalbarri
7%
Alliance Airlines, Skippers AviationLeonora
7%
Cobham, Virgin Australia Regional AirlinesBarrow Island
6%
Skippers AviationLaverton
6%
Alliance Airlines, Virgin Australia Regional AirlinesBarimunya
5%
QantasLinkCloudbreak
5%
QantasLinkLearmonth
5%
Alliance AirlinesTelfer
5%
Alliance AirlinesMount Keith
4%
Virgin Australia Regional AirlinesOnslow
4%
Virgin Australia Regional AirlinesWest Angelas
4%
Skippers AviationWiluna
4%
Virgin Australia Regional AirlinesArgyle
3%
Alliance AirlinesCoondewanna
3%
QantasLinkGinbata
3%
Alliance AirlinesCape Preston
2%
Skippers AviationJundee
2%
CobhamKambalda
2%
Virgin Australia Regional AirlinesNifty
2%
Skippers AviationBurnakura
1%
QantasLinkCoyote
1%
Skippers AviationDarlot-Centenary
1%
QantasLinkMorawa
1%
CobhamMurrin Murrin
1%
Skippers AviationPlutonic
1%
QantasLinkSolomon
1%
Skippers AviationSunrise Dam
1%
Alliance AirlinesThe Granites
1%
Virgin Australia Regional AirlinesWoodie Woodie
1%
CobhamGranny Smith
0%
Skippers AviationLawlers
0%

Score Distribution

Percentile by Number Answered

Percent of People with Each Score

Your Score History

You have not taken this quiz